[Event "DEM U12w 2024"]
[Site "Willingen GER"]
[Date "2024.05.22"]
[Round "5"]
[White "Guliyeva, Zahra"]
[Black "Bayer, Klara"]
[Result "0-1"]
[Termination "normal"]
[Board "19"]
[WhiteElo "1093"]
[BlackElo "1261"]
[WhiteClock "00:16:00"]
[BlackClock "00:27:58"]
[PlyCount "86"]
[WhiteFideId "34630198"]
[BlackFideId "34658955"]
[EventCountry "GER"]
[EventRounds "9"]
[EventType "swiss"]
[EventDate "2024.05.18"]

1. c4 {[%clk 01:30:58]} {[%emt 00:00:02]} c6 {[%clk 01:31:19]} {[%emt
00:00:11]} 2. g3 {[%clk 01:28:54]} {[%emt 00:02:35]} d5 {[%clk 01:31:35]}
{[%emt 00:00:13]} 3. c5 {[%clk 01:27:51]} {[%emt 00:01:34]} e5 {[%clk
01:30:03]} {[%emt 00:02:02]} 4. d4 {[%clk 01:25:18]} {[%emt 00:03:02]} exd4
{[%clk 01:28:18]} {[%emt 00:02:14]} 5. Qxd4 {[%clk 01:25:34]} {[%emt 00:00:15]}
Nd7 {[%clk 01:26:35]} {[%emt 00:02:13]} 6. b4 {[%clk 01:17:38]} {[%emt
00:08:26]} Ngf6 {[%clk 01:23:47]} {[%emt 00:03:17]} 7. Bg2 {[%clk 01:14:17]}
{[%emt 00:03:52]} Be7 {[%clk 01:18:58]} {[%emt 00:05:18]} 8. Nc3 {[%clk
01:10:37]} {[%emt 00:04:10]} a5 {[%clk 01:16:01]} {[%emt 00:03:28]} 9. b5
{[%clk 01:06:07]} {[%emt 00:05:01]} Bxc5 {[%emt 00:03:05]} 10. Qa4 {[%clk
01:02:55]} {[%emt 00:03:38]} Nb6 {[%clk 01:11:47]} {[%emt 00:02:11]} 11. Qf4
{[%clk 00:58:42]} {[%emt 00:04:44]} Ng4 {[%clk 01:06:02]} {[%emt 00:06:14]} 12.
e3 {[%clk 00:57:15]} {[%emt 00:01:58]} Qf6 {[%clk 01:04:43]} {[%emt 00:01:50]}
13. Qxf6 {[%clk 00:57:08]} {[%emt 00:00:36]} Nxf6 {[%clk 01:04:58]} {[%emt
00:00:15]} 14. Nge2 {[%clk 00:56:32]} {[%emt 00:01:06]} Bf5 {[%clk 01:03:06]}
{[%emt 00:02:22]} 15. O-O {[%clk 00:54:34]} {[%emt 00:02:28]} Nc4 {[%clk
00:58:48]} {[%emt 00:04:49]} 16. Nd4 {[%clk 00:49:41]} {[%emt 00:05:22]} Bd7
{[%clk 00:55:33]} {[%emt 00:03:45]} 17. a4 {[%clk 00:40:33]} {[%emt 00:09:38]}
O-O {[%clk 00:52:49]} {[%emt 00:03:13]} 18. Nce2 {[%clk 00:36:23]} {[%emt
00:04:41]} Rac8 {[%clk 00:50:10]} {[%emt 00:03:08]} 19. f4 {[%clk 00:30:24]}
{[%emt 00:06:30]} Rfe8 {[%clk 00:49:27]} {[%emt 00:01:12]} 20. Nc2 {[%clk
00:29:00]} {[%emt 00:01:54]} cxb5 {[%clk 00:45:48]} {[%emt 00:04:10]} 21. axb5
{[%clk 00:28:04]} {[%emt 00:01:25]} Bxb5 {[%clk 00:45:59]} {[%emt 00:00:20]}
22. Ned4 {[%clk 00:25:49]} {[%emt 00:02:44]} Ba6 {[%clk 00:45:10]} {[%emt
00:01:20]} 23. h3 {[%clk 00:24:32]} {[%emt 00:01:47]} Ne4 {[%clk 00:39:45]}
{[%emt 00:05:55]} 24. g4 {[%clk 00:21:04]} {[%emt 00:03:57]} Nc3 {[%clk
00:37:37]} {[%emt 00:02:39]} 25. Nf5 {[%clk 00:17:24]} {[%emt 00:04:09]} g6
{[%clk 00:32:42]} {[%emt 00:05:26]} 26. Nh6+ {[%clk 00:17:42]} {[%emt
00:00:12]} Kg7 {[%clk 00:32:37]} {[%emt 00:00:35]} 27. g5 {[%clk 00:17:48]}
{[%emt 00:00:24]} b6 {[%clk 00:30:02]} {[%emt 00:03:06]} 28. f5 {[%clk
00:17:24]} {[%emt 00:00:51]} Nxe3 {[%clk 00:29:07]} {[%emt 00:01:27]} 29. f6+
{[%clk 00:17:12]} {[%emt 00:00:42]} Kf8 {[%clk 00:28:47]} {[%emt 00:00:49]} 30.
Nxe3 {[%clk 00:16:45]} {[%emt 00:00:58]} Bxf1 {[%clk 00:28:49]} {[%emt
00:00:29]} 31. Kxf1 {[%clk 00:16:31]} {[%emt 00:00:42]} Bxe3 {[%clk 00:28:40]}
{[%emt 00:00:40]} 32. Ba3+ {[%clk 00:16:29]} {[%emt 00:00:32]} Bc5 {[%clk
00:28:53]} {[%emt 00:00:17]} 33. Bxc5+ {[%clk 00:16:20]} {[%emt 00:00:39]} Rxc5
{[%clk 00:29:10]} {[%emt 00:00:13]} 34. h4 {[%clk 00:16:07]} {[%emt 00:00:42]}
Rc4 {[%clk 00:28:48]} {[%emt 00:00:53]} 35. Kg1 {[%clk 00:14:40]} {[%emt
00:01:57]} Rxh4 {[%clk 00:28:05]} {[%emt 00:01:13]} 36. Rc1 {[%clk 00:14:46]}
{[%emt 00:00:23]} Ne2+ {[%clk 00:27:27]} {[%emt 00:01:09]} 37. Kf1 {[%clk
00:14:55]} {[%emt 00:00:19]} Nxc1 {[%clk 00:27:35]} {[%emt 00:00:24]} 38. Bxd5
{[%clk 00:15:14]} {[%emt 00:00:11]} Rf4+ {[%clk 00:27:51]} {[%emt 00:00:14]}
39. Kg2 {[%clk 00:15:33]} {[%emt 00:00:11]} Re2+ {[%clk 00:27:39]} {[%emt
00:00:42]} 40. Kg1 {[%clk 00:15:40]} {[%emt 00:00:22]} Ref2 {[%clk 00:27:34]}
{[%emt 00:00:34]} 41. Bg2 {[%clk 00:15:34]} {[%emt 00:00:38]} Ne2+ {[%clk
00:27:44]} {[%emt 00:00:19]} 42. Kh1 {[%clk 00:15:33]} {[%emt 00:00:31]} Rh4+
{[%clk 00:27:45]} {[%emt 00:00:30]} 43. Bh3 {[%clk 00:16:00]} {[%emt 00:00:03]}
Rxh3# {[%clk 00:27:58]} {[%emt 00:00:14]} 0-1

[Event "DEM U12w 2024"]
[Site "Willingen GER"]
[Date "2024.05.22"]
[Round "5"]
[White "Schille, Marlene"]
[Black "Prasannavenkatesan, Ananya"]
[Result "1-0"]
[Termination "normal"]
[Board "20"]
[WhiteElo "1228"]
[BlackElo "1585"]
[WhiteClock "00:05:43"]
[BlackClock "00:24:17"]
[PlyCount "69"]
[WhiteFideId "533000670"]
[BlackFideId "34682724"]
[EventCountry "GER"]
[EventRounds "9"]
[EventType "swiss"]
[EventDate "2024.05.18"]

1. e4 {[%clk 01:30:58]} {[%emt 00:00:02]} c5 {[%clk 01:30:43]} {[%emt
00:00:18]} 2. Nf3 {[%clk 01:31:19]} {[%emt 00:00:08]} a6 {[%clk 01:31:05]}
{[%emt 00:00:09]} 3. d4 {[%clk 01:31:17]} {[%emt 00:00:31]} e6 {[%clk
01:30:56]} {[%emt 00:00:39]} 4. Be3 {[%clk 01:30:45]} {[%emt 00:01:02]} cxd4
{[%clk 01:28:13]} {[%emt 00:03:14]} 5. Bxd4 {[%clk 01:28:56]} {[%emt 00:02:18]}
Nc6 {[%clk 01:28:07]} {[%emt 00:00:37]} 6. Bc3 {[%clk 01:28:36]} {[%emt
00:00:50]} d6 {[%clk 01:28:19]} {[%emt 00:00:18]} 7. Be2 {[%clk 01:24:34]}
{[%emt 00:04:31]} e5 {[%clk 01:28:26]} {[%emt 00:00:23]} 8. h3 {[%clk
01:22:50]} {[%emt 00:02:14]} Be6 {[%clk 01:27:56]} {[%emt 00:01:00]} 9. O-O
{[%clk 01:21:24]} {[%emt 00:01:56]} g6 {[%clk 01:27:44]} {[%emt 00:00:42]} 10.
Nbd2 {[%clk 01:20:38]} {[%emt 00:01:17]} Nge7 {[%clk 01:27:33]} {[%emt
00:00:41]} 11. Ng5 {[%clk 01:19:20]} {[%emt 00:01:48]} Qd7 {[%clk 01:26:31]}
{[%emt 00:01:23]} 12. Nc4 {[%clk 01:16:36]} {[%emt 00:03:23]} O-O-O {[%clk
01:24:19]} {[%emt 00:02:41]} 13. Nb6+ {[%clk 01:16:48]} {[%emt 00:00:18]} Kc7
{[%clk 01:24:41]} {[%emt 00:00:08]} 14. Nxd7 {[%clk 01:17:13]} {[%emt
00:00:06]} Rxd7 {[%clk 01:25:07]} {[%emt 00:00:04]} 15. Nxe6+ {[%clk 01:16:28]}
{[%emt 00:01:15]} fxe6 {[%clk 01:25:30]} {[%emt 00:00:07]} 16. Bg4 {[%clk
01:16:23]} {[%emt 00:00:34]} Bh6 {[%clk 01:25:09]} {[%emt 00:00:51]} 17. Bxe6
{[%clk 01:14:55]} {[%emt 00:01:58]} Rdd8 {[%clk 01:25:26]} {[%emt 00:00:12]}
18. Qe1 {[%clk 01:12:35]} {[%emt 00:02:51]} Kb8 {[%clk 01:25:04]} {[%emt
00:00:52]} 19. Ba5 {[%clk 01:09:43]} {[%emt 00:03:23]} Rdf8 {[%clk 01:24:22]}
{[%emt 00:01:11]} 20. Rd1 {[%clk 01:02:52]} {[%emt 00:07:20]} Nd4 {[%clk
01:22:57]} {[%emt 00:01:56]} 21. Bd5 {[%clk 00:38:07]} {[%emt 00:25:15]} Nxd5
{[%clk 01:14:45]} {[%emt 00:08:41]} 22. exd5 {[%clk 00:38:01]} {[%emt
00:00:37]} Nxc2 {[%clk 00:59:31]} {[%emt 00:17:26]} 23. Qc3 {[%clk 00:35:46]}
{[%emt 00:02:44]} Rc8 {[%clk 00:58:26]} {[%emt 00:01:35]} 24. Qb3 {[%clk
00:25:50]} {[%emt 00:10:27]} Nd4 {[%clk 00:58:12]} {[%emt 00:00:42]} 25. Qb4
{[%clk 00:23:46]} {[%emt 00:02:36]} Bf8 {[%clk 00:41:35]} {[%emt 00:17:06]} 26.
Kh1 {[%clk 00:20:30]} {[%emt 00:03:47]} Rc5 {[%clk 00:27:50]} {[%emt 00:23:00]}
27. Qb6 {[%clk 00:17:04]} {[%emt 00:03:57]} Be7 {[%clk 00:26:55]} {[%emt
00:01:25]} 28. Rc1 {[%clk 00:15:53]} {[%emt 00:01:42]} Rhc8 {[%clk 00:26:57]}
{[%emt 00:00:27]} 29. Rxc5 {[%clk 00:16:00]} {[%emt 00:00:24]} Rxc5 {[%clk
00:26:39]} {[%emt 00:00:47]} 30. Bb4 {[%clk 00:05:33]} {[%emt 00:10:58]} Rb5
{[%clk 00:26:15]} {[%emt 00:00:53]} 31. Bxd6+ {[%clk 00:05:48]} {[%emt
00:00:15]} Ka8 {[%clk 00:25:58]} {[%emt 00:00:47]} 32. Qc7 {[%clk 00:05:41]}
{[%emt 00:00:37]} Bxd6 {[%clk 00:26:16]} {[%emt 00:00:12]} 33. Qxd6 {[%clk
00:06:05]} {[%emt 00:00:06]} Ka7 {[%clk 00:25:08]} {[%emt 00:01:38]} 34. Rc1
{[%clk 00:06:05]} {[%emt 00:00:31]} e4 {[%clk 00:24:17]} {[%emt 00:01:21]} 35.
Rc8 {[%clk 00:05:43]} 1-0

[Event "DEM U12w 2024"]
[Site "Willingen GER"]
[Date "2024.05.22"]
[Round "5"]
[White "Haidekker, Ailis"]
[Black "Rutschmann, Polly"]
[Result "0-1"]
[Termination "normal"]
[Board "21"]
[WhiteElo "1224"]
[BlackElo "966"]
[WhiteClock "00:57:51"]
[BlackClock "01:15:35"]
[PlyCount "44"]
[WhiteFideId "34649263"]
[BlackFideId "34621261"]
[EventCountry "GER"]
[EventRounds "9"]
[EventType "swiss"]
[EventDate "2024.05.18"]

1. e4 {[%clk 01:30:58]} {[%emt 00:00:01]} e5 {[%clk 01:30:50]} {[%emt
00:00:10]} 2. Nf3 {[%clk 01:31:24]} {[%emt 00:00:05]} Nc6 {[%clk 01:31:12]}
{[%emt 00:00:07]} 3. Bc4 {[%clk 01:31:48]} {[%emt 00:00:06]} Bc5 {[%clk
01:31:35]} {[%emt 00:00:07]} 4. c3 {[%clk 01:32:14]} {[%emt 00:00:05]} Nf6
{[%clk 01:31:35]} {[%emt 00:00:29]} 5. d4 {[%clk 01:32:37]} {[%emt 00:00:08]}
exd4 {[%clk 01:30:33]} {[%emt 00:01:32]} 6. e5 {[%clk 01:32:58]} {[%emt
00:00:09]} Ne4 {[%clk 01:29:32]} {[%emt 00:01:30]} 7. cxd4 {[%clk 01:33:16]}
{[%emt 00:00:13]} Bb4+ {[%clk 01:29:16]} {[%emt 00:00:46]} 8. Bd2 {[%clk
01:33:34]} {[%emt 00:00:12]} Bxd2+ {[%clk 01:29:05]} {[%emt 00:00:41]} 9. Nbxd2
{[%clk 01:33:53]} {[%emt 00:00:11]} Nxd2 {[%clk 01:29:14]} {[%emt 00:00:20]}
10. Qxd2 {[%clk 01:34:15]} {[%emt 00:00:08]} d6 {[%clk 01:28:08]} {[%emt
00:01:37]} 11. exd6 {[%clk 01:29:11]} {[%emt 00:05:34]} Qxd6 {[%clk 01:28:04]}
{[%emt 00:00:34]} 12. O-O {[%clk 01:28:59]} {[%emt 00:00:42]} O-O {[%clk
01:27:39]} {[%emt 00:00:54]} 13. Rac1 {[%clk 01:25:45]} {[%emt 00:03:45]} Qg6
{[%clk 01:26:54]} {[%emt 00:01:14]} 14. Rfe1 {[%clk 01:22:10]} {[%emt
00:04:05]} Bh3 {[%clk 01:24:57]} {[%emt 00:02:26]} 15. g3 {[%clk 01:22:11]}
{[%emt 00:00:30]} Rfe8 {[%clk 01:24:17]} {[%emt 00:01:11]} 16. Rxe8+ {[%clk
01:19:00]} {[%emt 00:03:41]} Rxe8 {[%clk 01:24:33]} {[%emt 00:00:13]} 17. Ng5
{[%clk 01:18:40]} {[%emt 00:00:50]} Be6 {[%clk 01:21:33]} {[%emt 00:03:30]} 18.
Qe3 {[%clk 01:18:19]} {[%emt 00:00:51]} Nxd4 {[%clk 01:19:15]} {[%emt
00:02:48]} 19. Rd1 {[%clk 01:09:16]} {[%emt 00:09:33]} Nf5 {[%clk 01:17:10]}
{[%emt 00:02:35]} 20. Bxe6 {[%clk 00:57:26]} {[%emt 00:12:21]} Nxe3 {[%clk
01:15:23]} {[%emt 00:02:15]} 21. Bxf7+ {[%clk 00:57:49]} {[%emt 00:00:08]} Qxf7
{[%clk 01:15:35]} {[%emt 00:00:18]} 22. Nxf7 {[%clk 00:57:51]} {[%emt
00:00:28]} Nxd1 {[%emt 00:01:29]} 0-1

[Event "DEM U12w 2024"]
[Site "Willingen GER"]
[Date "2024.05.22"]
[Round "5"]
[White "Jamalli, Malak"]
[Black "Alnajjar, Sara"]
[Result "0-1"]
[Termination "normal"]
[Board "22"]
[WhiteElo "1197"]
[BlackElo "1194"]
[WhiteClock "00:53:55"]
[BlackClock "00:49:28"]
[PlyCount "60"]
[WhiteFideId "533000689"]
[BlackFideId "34668659"]
[EventCountry "GER"]
[EventRounds "9"]
[EventType "swiss"]
[EventDate "2024.05.18"]

1. e4 {[%clk 01:30:57]} {[%emt 00:00:03]} e5 {[%clk 01:30:39]} {[%emt
00:00:21]} 2. Nf3 {[%clk 01:31:18]} {[%emt 00:00:08]} Nc6 {[%clk 01:30:43]}
{[%emt 00:00:27]} 3. Nc3 {[%clk 01:31:34]} {[%emt 00:00:13]} Nf6 {[%clk
01:30:47]} {[%emt 00:00:26]} 4. Bc4 {[%clk 01:31:54]} {[%emt 00:00:10]} Bc5
{[%clk 01:30:38]} {[%emt 00:00:39]} 5. O-O {[%clk 01:32:05]} {[%emt 00:00:19]}
d6 {[%clk 01:30:42]} {[%emt 00:00:27]} 6. h3 {[%clk 01:31:36]} {[%emt
00:00:59]} Be6 {[%clk 01:30:12]} {[%emt 00:01:00]} 7. Bb3 {[%clk 01:31:24]}
{[%emt 00:00:42]} O-O {[%clk 01:28:52]} {[%emt 00:01:49]} 8. d3 {[%clk
01:31:18]} {[%emt 00:00:37]} h6 {[%clk 01:28:30]} {[%emt 00:00:51]} 9. Nd5
{[%clk 01:30:27]} {[%emt 00:01:21]} Nd4 {[%clk 01:27:37]} {[%emt 00:01:23]} 10.
Nxd4 {[%clk 01:29:20]} {[%emt 00:01:37]} Bxd4 {[%clk 01:27:26]} {[%emt
00:00:41]} 11. c3 {[%clk 01:28:20]} {[%emt 00:01:30]} Bb6 {[%clk 01:27:24]}
{[%emt 00:00:31]} 12. Qf3 {[%clk 01:27:46]} {[%emt 00:01:05]} Nh7 {[%clk
01:25:56]} {[%emt 00:01:57]} 13. Qg3 {[%clk 01:26:44]} {[%emt 00:01:33]} Kh8
{[%clk 01:25:10]} {[%emt 00:01:16]} 14. Bd1 {[%clk 01:21:22]} {[%emt 00:05:52]}
c6 {[%clk 01:19:55]} {[%emt 00:05:45]} 15. Ne3 {[%clk 01:20:57]} {[%emt
00:00:55]} Bc7 {[%clk 01:19:14]} {[%emt 00:01:11]} 16. Ng4 {[%clk 01:19:59]}
{[%emt 00:01:29]} f5 {[%clk 01:16:36]} {[%emt 00:03:06]} 17. exf5 {[%clk
01:18:49]} {[%emt 00:01:42]} Bxf5 {[%clk 01:15:39]} {[%emt 00:01:27]} 18. f4
{[%clk 01:16:23]} {[%emt 00:02:55]} Re8 {[%clk 01:14:33]} {[%emt 00:01:36]} 19.
fxe5 {[%clk 01:15:39]} {[%emt 00:01:15]} Bxg4 {[%clk 01:14:18]} {[%emt
00:00:44]} 20. Bxg4 {[%clk 01:13:54]} {[%emt 00:02:15]} dxe5 {[%clk 01:14:27]}
{[%emt 00:00:21]} 21. Rf7 {[%clk 01:09:01]} {[%emt 00:05:23]} Rf8 {[%clk
01:12:34]} {[%emt 00:02:23]} 22. Bh5 {[%clk 01:07:33]} {[%emt 00:01:58]} Rxf7
{[%clk 01:12:27]} {[%emt 00:00:37]} 23. Bxf7 {[%clk 01:07:37]} {[%emt
00:00:26]} e4 {[%clk 01:11:37]} {[%emt 00:01:21]} 24. Qg6 {[%clk 01:05:31]}
{[%emt 00:02:35]} exd3 {[%clk 01:06:39]} {[%emt 00:05:28]} 25. Bd2 {[%clk
01:04:18]} {[%emt 00:01:44]} Ng5 {[%clk 01:01:32]} {[%emt 00:05:37]} 26. Bc4
{[%clk 01:02:57]} {[%emt 00:01:51]} Bb6+ {[%clk 00:59:41]} {[%emt 00:02:21]}
27. Kh1 {[%clk 01:02:40]} {[%emt 00:00:46]} Qf6 {[%clk 00:53:05]} {[%emt
00:07:04]} 28. Qxd3 {[%clk 00:59:30]} {[%emt 00:03:43]} Qf2 {[%clk 00:50:37]}
{[%emt 00:02:57]} 29. Rf1 {[%clk 00:57:45]} {[%emt 00:02:16]} Qc5 {[%clk
00:50:18]} {[%emt 00:00:48]} 30. Rf5 {[%clk 00:53:55]} {[%emt 00:04:20]} Qg1#
{[%clk 00:49:28]} {[%emt 00:00:15]} 0-1

[Event "DEM U12w 2024"]
[Site "Willingen GER"]
[Date "2024.05.22"]
[Round "6"]
[White "Bohatyrova, Mariia"]
[Black "Komar, Valerie"]
[Result "1-0"]
[Termination "normal"]
[Board "1"]
[WhiteElo "1588"]
[BlackElo "1769"]
[WhiteClock "00:52:02"]
[BlackClock "00:30:16"]
[PlyCount "53"]
[WhiteFideId "34165789"]
[BlackFideId "34139664"]
[EventCountry "GER"]
[EventRounds "9"]
[EventType "swiss"]
[EventDate "2024.05.18"]

1. e4 {[%clk 01:30:58]} {[%emt 00:00:02]} e5 {[%clk 01:30:56]} {[%emt
00:00:04]} 2. Bb5 {[%clk 01:31:23]} {[%emt 00:00:06]} Nf6 {[%clk 01:26:47]}
{[%emt 00:04:39]} 3. Qe2 {[%clk 01:31:31]} {[%emt 00:00:21]} Be7 {[%clk
01:21:55]} {[%emt 00:05:23]} 4. Nf3 {[%clk 01:31:47]} {[%emt 00:00:13]} c6
{[%clk 01:21:32]} {[%emt 00:00:54]} 5. Ba4 {[%clk 01:32:04]} {[%emt 00:00:13]}
d6 {[%clk 01:21:15]} {[%emt 00:00:49]} 6. O-O {[%clk 01:32:17]} {[%emt
00:00:16]} O-O {[%clk 01:20:47]} {[%emt 00:00:58]} 7. c3 {[%clk 01:31:57]}
{[%emt 00:00:49]} Bg4 {[%clk 01:19:22]} {[%emt 00:01:55]} 8. h3 {[%clk
01:31:29]} {[%emt 00:00:58]} Bh5 {[%clk 01:19:25]} {[%emt 00:00:27]} 9. Rd1
{[%clk 01:30:46]} {[%emt 00:01:12]} Nbd7 {[%clk 01:18:04]} {[%emt 00:01:53]}
10. d3 {[%clk 01:30:30]} {[%emt 00:00:46]} Qc7 {[%clk 01:17:25]} {[%emt
00:01:09]} 11. Nbd2 {[%clk 01:29:58]} {[%emt 00:01:03]} Rad8 {[%clk 01:16:28]}
{[%emt 00:01:26]} 12. Bc2 {[%clk 01:17:43]} {[%emt 00:12:45]} d5 {[%clk
01:12:48]} {[%emt 00:04:11]} 13. Nf1 {[%clk 01:17:34]} {[%emt 00:00:38]} Nc5
{[%clk 01:04:49]} {[%emt 00:08:29]} 14. Bd2 {[%clk 01:08:01]} {[%emt 00:10:02]}
dxe4 {[%clk 00:59:41]} {[%emt 00:05:38]} 15. dxe4 {[%clk 01:08:23]} {[%emt
00:00:08]} Rd7 {[%clk 00:56:41]} {[%emt 00:03:29]} 16. g4 {[%clk 01:07:05]}
{[%emt 00:01:48]} Bg6 {[%clk 00:56:52]} {[%emt 00:00:20]} 17. Ng3 {[%clk
01:07:12]} {[%emt 00:00:22]} Rfd8 {[%clk 00:55:30]} {[%emt 00:01:52]} 18. Kh2
{[%clk 01:04:29]} {[%emt 00:03:12]} h5 {[%clk 00:51:00]} {[%emt 00:05:01]} 19.
g5 {[%clk 01:00:29]} {[%emt 00:04:31]} Nh7 {[%clk 00:50:16]} {[%emt 00:01:14]}
20. Be3 {[%clk 00:51:42]} {[%emt 00:09:16]} f6 {[%clk 00:43:37]} {[%emt
00:07:10]} 21. Bxc5 {[%clk 00:51:08]} {[%emt 00:01:04]} Rxd1 {[%clk 00:31:39]}
{[%emt 00:12:28]} 22. Rxd1 {[%clk 00:51:09]} {[%emt 00:00:28]} Rxd1 {[%clk
00:32:07]} {[%emt 00:00:03]} 23. Bxd1 {[%clk 00:51:16]} {[%emt 00:00:23]} Bxc5
{[%clk 00:31:53]} {[%emt 00:00:45]} 24. Qc4+ {[%clk 00:51:26]} {[%emt
00:00:19]} Qf7 {[%clk 00:32:20]} {[%emt 00:00:03]} 25. Qxc5 {[%clk 00:51:25]}
{[%emt 00:00:32]} Nxg5 {[%clk 00:29:49]} {[%emt 00:03:01]} 26. Nxg5 {[%clk
00:51:44]} {[%emt 00:00:11]} fxg5 {[%clk 00:30:16]} {[%emt 00:00:03]} 27. Bb3
{[%clk 00:52:02]} {[%emt 00:00:13]} 1-0

[Event "DEM U12w 2024"]
[Site "Willingen GER"]
[Date "2024.05.22"]
[Round "6"]
[White "Chen, Yueyi"]
[Black "Tu, Audrey"]
[Result "1/2-1/2"]
[Termination "normal"]
[Board "2"]
[WhiteElo "1795"]
[BlackElo "1711"]
[WhiteClock "00:57:09"]
[BlackClock "00:11:54"]
[PlyCount "52"]
[WhiteFideId "34653902"]
[BlackFideId "34628568"]
[EventCountry "GER"]
[EventRounds "9"]
[EventType "swiss"]
[EventDate "2024.05.18"]

1. e4 {[%clk 01:30:58]} {[%emt 00:00:01]} e5 {[%clk 01:30:57]} {[%emt
00:00:03]} 2. Nf3 {[%clk 01:31:24]} {[%emt 00:00:04]} Nc6 {[%clk 01:31:23]}
{[%emt 00:00:05]} 3. Bb5 {[%clk 01:31:48]} {[%emt 00:00:05]} a6 {[%clk
01:31:51]} {[%emt 00:00:03]} 4. Ba4 {[%clk 01:32:12]} {[%emt 00:00:05]} d6
{[%clk 01:32:18]} {[%emt 00:00:04]} 5. O-O {[%clk 01:32:34]} {[%emt 00:00:06]}
Nf6 {[%clk 01:31:22]} {[%emt 00:01:27]} 6. Re1 {[%clk 01:32:50]} {[%emt
00:00:14]} b5 {[%clk 01:30:13]} {[%emt 00:01:39]} 7. Bb3 {[%clk 01:33:13]}
{[%emt 00:00:06]} Na5 {[%clk 01:27:06]} {[%emt 00:03:38]} 8. d4 {[%clk
01:32:57]} {[%emt 00:00:46]} Nxb3 {[%clk 01:25:15]} {[%emt 00:02:22]} 9. axb3
{[%clk 01:32:58]} {[%emt 00:00:28]} exd4 {[%clk 01:15:46]} {[%emt 00:09:59]}
10. e5 {[%clk 01:32:07]} {[%emt 00:01:21]} dxe5 {[%clk 01:14:31]} {[%emt
00:01:45]} 11. Nxe5 {[%clk 01:32:18]} {[%emt 00:00:18]} Be6 {[%clk 01:12:38]}
{[%emt 00:02:24]} 12. Nc6 {[%clk 01:30:36]} {[%emt 00:02:11]} Qc8 {[%clk
00:57:46]} {[%emt 00:15:22]} 13. f4 {[%clk 01:24:16]} {[%emt 00:06:49]} g6
{[%clk 00:50:26]} {[%emt 00:07:50]} 14. Qxd4 {[%clk 01:21:31]} {[%emt
00:03:15]} Bg7 {[%clk 00:49:11]} {[%emt 00:01:46]} 15. Qc5 {[%clk 01:21:06]}
{[%emt 00:00:54]} Qd7 {[%clk 00:45:40]} {[%emt 00:04:01]} 16. Nc3 {[%clk
01:17:45]} {[%emt 00:03:51]} Bf8 {[%clk 00:43:24]} {[%emt 00:02:46]} 17. Qxb5
{[%clk 01:12:06]} {[%emt 00:06:09]} Be7 {[%clk 00:35:46]} {[%emt 00:08:08]} 18.
Nxe7 {[%clk 01:08:58]} {[%emt 00:03:39]} axb5 {[%clk 00:34:14]} {[%emt
00:02:02]} 19. Rxa8+ {[%clk 01:09:16]} {[%emt 00:00:11]} Kxe7 {[%clk 00:34:28]}
{[%emt 00:00:17]} 20. Rxh8 {[%clk 01:09:24]} {[%emt 00:00:22]} Ng4 {[%clk
00:25:09]} {[%emt 00:09:49]} 21. Rd1 {[%clk 01:07:24]} {[%emt 00:02:31]} Qc6
{[%clk 00:24:39]} {[%emt 00:00:59]} 22. Rd4 {[%clk 01:00:27]} {[%emt 00:07:27]}
b4 {[%clk 00:22:22]} {[%emt 00:02:48]} 23. h3 {[%clk 00:57:23]} {[%emt
00:03:33]} bxc3 {[%clk 00:17:49]} {[%emt 00:05:03]} 24. hxg4 {[%clk 00:56:55]}
{[%emt 00:00:57]} cxb2 {[%clk 00:15:40]} {[%emt 00:02:39]} 25. Bxb2 {[%clk
00:57:19]} {[%emt 00:00:06]} Qxc2 {[%clk 00:14:11]} {[%emt 00:02:00]} 26. Ba3+
{[%clk 00:57:09]} {[%emt 00:00:41]} Kf6 {[%clk 00:11:54]} {[%emt 00:02:42]}
1/2-1/2